=LDR 00000nam 2200000 4500 =001 INLIS000000000038477 =005 20130612144138 =008 ***********************************Ind** =035 ##$$0010-061300000038477 =041 ##$$a Ind =082 ##$$a 641.559 821 =090 ##$$a 641.559 821, Unt t =100 ##$$a Untari, Dewi =245 ##$$a 30 menu 2 hidangan masakan sunda, Oleh Dewi Untari; Editor, Intarina Hardiman =260 ##$$a 2010 $b Jakarta =300 ##$$a 67 hlm, Ilus, 24 cm =650 ##$$a Masakan Jawa Barat, Resep =700 ##$$a Hardiman, ntarina =850 ##$$a NBPNMAT =990 ##$$a 2090100613/BPAP-NTB/2015